Owoce na litere B - Statystyki

Ogólne statystyki
  • Ten quiz został rozwiązany 630 razy
  • Średni wynik to 2 z 9
Statystyki odpowiedzi
Pytanie: Odpowiedz % Poprawnych
Owoc na B Banan
99%
Owoc na B Brzoskwinia
71%
Owoc na B Borówka czarna
11%
Owoc na B Borówka bagienna
10%
Owoc na B Borówka brusznica
10%
Owoc na B Borówka wysoka
10%
Owoc na B Babako
9%
Owoc na B Babako
9%
Owoc na B Bilimbi
9%
Nie znaleziono quizów pasujących do podanych kryteriów
Rozkład punktacji
Procent ludzi z każdym wynikiem
Percentyl według liczby udzielonych odpowiedzi
Twoja historia wyników
Nie rozwiązałeś tego quizu